All Mammal Genera - Statistics

General Stats
  • This quiz has been taken 48 times
  • The average score is 88 of 1301
Answer Stats
Order Family Genus Common names Species % Correct
Primates Hominidae Gorilla Gorillas 2
74%
Primates Hominidae Homo Human 1
74%
Primates Hominidae Pan Chimpanzee, bonobo 2
74%
Carnivora Canidae Canis Wolves etc. 8
70%
Carnivora Felidae Felis Various cats 7
65%
Rodentia Muridae Mus Typical mice 41
61%
Carnivora Felidae Panthera Big cats 5
57%
Carnivora Ursidae Ursus Various bears 4
57%
Monotremata Ornithorhynchidae Ornithorhynchus Platypus 1
52%
Artiodactyla Suidae Sus Pigs 9
52%
Artiodactyla Bovidae Bos Cattle 7
48%
Proboscidea Elephantidae Elephas Asian elephant 1
48%
Artiodactyla Hippopotamidae Hippopotamus Hippopotamus 1
48%
Monotremata Tachyglossidae Tachyglossus Short-beaked echidna 1
48%
Artiodactyla Bovidae Bison Bison 2
43%
Proboscidea Elephantidae Loxodonta African elephants 2
43%
Perissodactyla Rhinocerotidae Rhinoceros One-horned rhinoceroses 2
43%
Artiodactyla Camelidae Camelus Camels 3
39%
Rodentia Castoridae Castor Beavers 2
39%
Artiodactyla Cervidae Cervus Red deer etc. 5
39%
Sirenia Dugongidae Dugong Dugong 1
39%
Perissodactyla Equidae Equus Horse, asses, zebras 7
39%
Artiodactyla Giraffidae Giraffa Giraffe 1
39%
Primates Lemuridae Lemur Ring-tailed lemur 1
39%
Tubulidentata Orycteropodidae Orycteropus Aardvark 1
39%
Primates Hominidae Pongo Orangutans 3
39%
Diprotodontia Vombatidae Vombatus Common wombat 1
39%
Carnivora Canidae Vulpes True foxes 12
39%
Pilosa Bradypodidae Bradypus Three-toed sloths 5
35%
Primates Cebidae Cebus Gracile capuchin monkeys 16
35%
Dermoptera Cynocephalidae Cynocephalus Philippine flying lemur 1
35%
Cingulata Dasypodidae Dasypus Long-nosed armadillos 7
35%
Dasyuromorphia Dasyuridae Dasyurus Quolls 6
35%
Artiodactyla Delphinidae Delphinus Common dolphin 1
35%
Didelphimorphia Didelphidae Didelphis Large American opossums 6
35%
Primates Indriidae Indri Indri 1
35%
Carnivora Felidae Lynx Lynxes 4
35%
Diprotodontia Macropodidae Macropus Grey kangaroos 2
35%
Chiroptera Pteropodidae Pteropus Flying foxes 56
35%
Rodentia Sciuridae Sciurus Tree squirrels 30
35%
Artiodactyla Tayassuidae Tayassu White-lipped peccary 1
35%
Sirenia Trichechidae Trichechus Manatees 3
35%
Monotremata Tachyglossidae Zaglossus Long-beaked echidnas 3
35%
Carnivora Ailuridae Ailurus Red panda 1
30%
Artiodactyla Cervidae Alces Moose 1
30%
Artiodactyla Antilocapridae Antilocapra Pronghorn 1
30%
Primates Aotidae Aotus Night monkeys 11
30%
Artiodactyla Balaenopteridae Balaenoptera Rorquals 8
30%
Rodentia Bathyergidae Bathyergus Dune mole-rats 2
30%
Artiodactyla Bovidae Capra Goats 10
30%
Primates Cercopithecidae Cercopithecus Guenons 22
30%
Primates Cheirogaleidae Cheirogaleus Dwarf lemurs 10
30%
Cingulata Chlamyphoridae Chlamyphorus Pink fairy armadillo 1
30%
Rodentia Ctenodactylidae Ctenodactylus Gundis 2
30%
Primates Galagidae Galago Lesser bushbabies 4
30%
Rodentia Heterocephalidae Heterocephalus Naked mole-rat 1
30%
Carnivora Hyaenidae Hyaena Striped hyena 1
30%
Artiodactyla Camelidae Lama Llama, alpaca etc. 4
30%
Primates Lorisidae Loris Slender lorises 2
30%
Pholidota Manidae Manis Asiatic pangolins 4
30%
Dasyuromorphia Myrmecobiidae Myrmecobius Numbat 1
30%
Rodentia Octodontidae Octodon Degus 5
30%
Artiodactyla Giraffidae Okapia Okapi 1
30%
Artiodactyla Delphinidae Orcinus Orca 1
30%
Diprotodontia Petauridae Petaurus Wrist-winged gliders 8
30%
Hyracoidea Procaviidae Procavia Rock hyrax 1
30%
Scandentia Ptilocercidae Ptilocercus Pen-tailed treeshrew 1
30%
Carnivora Felidae Puma Cougar 1
30%
Rodentia Muridae Rattus Typical rats 67
30%
Chiroptera Rhinolophidae Rhinolophus Horseshoe bats 106
30%
Eulipotyphla Solenodontidae Solenodon Hispaniolan solenodon 1
30%
Perissodactyla Tapiridae Tapirus Tapirs 4
30%
Primates Tarsiidae Tarsius Tarsiers 12
30%
Afrosoricida Tenrecidae Tenrec Tailless tenrec 1
30%
Rodentia Anomaluridae Anomalurus Scaly-tailed squirrels 4
26%
Artiodactyla Balaenidae Balaena Bowhead whale 1
26%
Artiodactyla Bovidae Bubalus Buffalo 5
26%
Paucituberculata Caenolestidae Caenolestes Common shrew opossums 5
26%
Rodentia Cricetidae Calomys Vesper mice 14
26%
Rodentia Caviidae Cavia Guinea pigs 9
26%
Rodentia Chinchillidae Chinchilla Chinchillas 2
26%
Pilosa Choloepodidae Choloepus Two-toed sloths 2
26%
Rodentia Cricetidae Cricetus European hamster 1
26%
Rodentia Cuniculidae Cuniculus Pacas 2
26%
Pilosa Cyclopedidae Cyclopes Silky anteater 1
26%
Rodentia Erethizontidae Erethizon North American porcupine 1
26%
Eulipotyphla Erinaceidae Erinaceus Various hedgehogs 4
26%
Carnivora Eupleridae Fossa Malagasy civet 1
26%
Chiroptera Furipteridae Furipterus Thumbless bat 1
26%
Artiodactyla Bovidae Gazella Gazelles 10
26%
Diprotodontia Hypsiprymnodontidae Hypsiprymnodon Musky rat-kangaroo 1
26%
Artiodactyla Iniidae Inia Amazon river dolphin 1
26%
Artiodactyla Kogiidae Kogia Lesser sperm whales 2
26%
Primates Lepilemuridae Lepilemur Sportive lemurs 26
26%
Lagomorpha Leporidae Lepus Hares 33
26%
Chiroptera Megadermatidae Megaderma False vampire bats 2
26%
Artiodactyla Monodontidae Monodon Narwhal 1
26%
Artiodactyla Moschidae Moschus Musk deer 7
26%
Pilosa Myrmecophagidae Myrmecophaga Giant anteater 1
26%
Carnivora Felidae Neofelis Clouded leopards 2
26%
Notoryctemorphia Notoryctidae Notoryctes Marsupial moles 2
26%
Lagomorpha Ochotonidae Ochotona Pikas 34
26%
Artiodactyla Bovidae Ovis Sheep 7
26%
Diprotodontia Phalangeridae Phalanger Cuscuses 13
26%
Artiodactyla Physeteridae Physeter Sperm whale 1
26%
Afrosoricida Potamogalidae Potamogale Giant otter shrew 1
26%
Diprotodontia Potoroidae Potorous Potoroos 3
26%
Carnivora Procyonidae Procyon Raccoons 3
26%
Diprotodontia Pseudocheiridae Pseudocheirus Common ringtail possum 1
26%
Chiroptera Rhinopomatidae Rhinopoma Mouse-tailed bats 6
26%
Pilosa Myrmecophagidae Tamandua Tamanduas 2
26%
Artiodactyla Tragulidae Tragulus Mouse-deer 6
26%
Chiroptera Vespertilionidae Vespertilio Parti-coloured bats 2
26%
Dasyuromorphia Dasyuridae Antechinus Antechinuses 15
22%
Carnivora Felidae Caracal Caracal, African golden cat 2
22%
Perissodactyla Rhinocerotidae Ceratotherium White rhinoceros 1
22%
Artiodactyla Hippopotamidae Choeropsis Pygmy hippopotamus 1
22%
Afrosoricida Chrysochloridae Chrysochloris Golden moles 3
22%
Primates Cercopithecidae Colobus Black-and-white colobuses 5
22%
Primates Daubentoniidae Daubentonia Aye-aye 1
22%
Rodentia Dipodidae Dipus Northern three-toed jerboa 1
22%
Rodentia Geomyidae Geomys Eastern pocket gophers 12
22%
Rodentia Heteromyidae Heteromys Spiny pocket mice 16
22%
Primates Hylobatidae Hoolock Hoolock gibbons 3
22%
Primates Hylobatidae Hylobates Dwarf gibbons 9
22%
Rodentia Hystricidae Hystrix Old World porcupines 8
22%
Carnivora Felidae Leopardus Various cats 8
22%
Carnivora Mustelidae Lutra Eurasian otter, hairy-nosed otter 2
22%
Carnivora Canidae Lycaon African wild dog 1
22%
Chiroptera Molossidae Molossus Mastiff bats 9
22%
Carnivora Nandiniidae Nandinia African palm civet 1
22%
Chiroptera Natalidae Natalus Funnel-eared bats 7
22%
Chiroptera Noctilionidae Noctilio Bulldog bats 2
22%
Carnivora Odobenidae Odobenus Walrus 1
22%
Artiodactyla Bovidae Oryx Oryxes 4
22%
Peramelemorphia Peramelidae Perameles Long-nosed bandicoots 4
22%
Rodentia Petromuridae Petromus Dassie rat 1
22%
Diprotodontia Phascolarctidae Phascolarctos Koala 1
22%
Artiodactyla Phocoenidae Phocoena Various porpoises 4
22%
Primates Pitheciidae Pithecia Sakis 16
22%
Artiodactyla Platanistidae Platanista South Asian river dolphins 2
22%
Artiodactyla Pontoporiidae Pontoporia La Plata dolphin 1
22%
Carnivora Prionodontidae Prionodon Asiatic linsangs 2
22%
Carnivora Hyaenidae Proteles Aardwolf 1
22%
Artiodactyla Bovidae Saiga Saiga antelope 1
22%
Eulipotyphla Soricidae Sorex Long-tailed shrews 92
22%
Artiodactyla Bovidae Syncerus African buffalo 1
22%
Eulipotyphla Talpidae Talpa Various moles 13
22%
Scandentia Tupaiidae Tupaia Treeshrews 19
22%
Artiodactyla Delphinidae Tursiops Bottlenose dolphins 2
22%
Carnivora Viverridae Viverra Civets 4
22%
Rodentia Zapodidae Zapus North American jumping mice 8
22%
Rodentia Zenkerellidae Zenkerella Cameroon scaly-tail 1
22%
Rodentia Abrocomidae Abrocoma Chinchilla rats 8
17%
Carnivora Felidae Acinonyx Cheetah 1
17%
Artiodactyla Bovidae Addax Addax 1
17%
Carnivora Ursidae Ailuropoda Giant panda 1
17%
Artiodactyla Bovidae Antilope Blackbuck 1
17%
Primates Atelidae Ateles Spider monkeys 7
17%
Diprotodontia Burramyidae Burramys Mountain pygmy possum 1
17%
Rodentia Calomyscidae Calomyscus Mouse-like hamsters 9
17%
Artiodactyla Cervidae Capreolus Roe deer 2
17%
Chiroptera Craseonycteridae Craseonycteris Kitti's hog-nosed bat 1
17%
Carnivora Hyaenidae Crocuta Spotted hyena 1
17%
Rodentia Ctenomyidae Ctenomys Tuco-tucos 66
17%
Carnivora Canidae Cuon Dhole 1
17%
Artiodactyla Cervidae Dama Fallow deer 2
17%
Artiodactyla Bovidae Damaliscus Damalisks 2
17%
Rodentia Dasyproctidae Dasyprocta Agoutis 11
17%
Perissodactyla Rhinocerotidae Diceros Black rhinoceros 1
17%
Rodentia Dinomyidae Dinomys Pacarana 1
17%
Rodentia Echimyidae Echimys Spiny tree-rats 3
17%
Chiroptera Emballonuridae Emballonura Sheath-tailed bats 8
17%
Artiodactyla Balaenidae Eubalaena Right whales 3
17%
Carnivora Eupleridae Eupleres Falanoucs 2
17%
Carnivora Viverridae Genetta Genets 17
17%
Rodentia Gliridae Glis Edible dormice 2
17%
Artiodactyla Lipotidae Lipotes Chinese river dolphin 1
17%
Primates Cercopithecidae Macaca Macaques 23
17%
Macroscelidea Macroscelididae Macroscelides Long-eared elephant shrews 3
17%
Carnivora Mustelidae Martes Martens 8
17%
Artiodactyla Balaenopteridae Megaptera Humpback whale 1
17%
Carnivora Mustelidae Meles Eurasian badgers 4
17%
Carnivora Mephitidae Mephitis Skunks 2
17%
Artiodactyla Ziphidae Mesoplodon Mesoplodont whales 16
17%
Chiroptera Miniopteridae Miniopterus Long-winged bats 40
17%
Carnivora Mustelidae Mustela Weasels 17
17%
Chiroptera Mystacinidae Mystacina New Zealand short-tailed bats 2
17%
Chiroptera Myzopodidae Myzopoda Sucker-footed bats 2
17%
Rodentia Nesomyidae Nesomys Red forest rats 3
17%
Chiroptera Nycteridae Nycteris Slit-faced bats 16
17%
Lagomorpha Leporidae Oryctolagus European rabbit 1
17%
Carnivora Hyaenidae Parahyaena Brown hyena 1
17%
Rodentia Pedetidae Pedetes Springhares 2
17%
Carnivora Phocidae Phoca Harbour seal, spotted seal 2
17%
Chiroptera Phyllostomidae Phyllostomus Spear-nosed bats 4
17%
Dasyuromorphia Dasyuridae Planigale Planigales 5
17%
Artiodactyla Suidae Potamochoerus Bushpigs 2
17%
Artiodactyla Cervidae Pudu Pudus 2
17%
Rodentia Thryonomyidae Thryonomys Cane rats 2
17%
Chiroptera Thyropteridae Thyroptera Disk-winged bats 5
17%
Diprotodontia Acrobatidae Acrobates Feathertail glider 1
13%
Rodentia Aplodontiidae Aplodontia Mountain beaver 1
13%
Artiodactyla Suidae Babyrousa Babirusas 4
13%
Diprotodontia Potoroidae Bettongia Bettongs 4
13%
Lagomorpha Leporidae Brachylagus Pygmy rabbit 1
13%
Didelphimorphia Didelphidae Caluromys Woolly opossums 3
13%
Carnivora Canidae Cerdocyon Crab-eating fox 1
13%
Carnivora Canidae Chrysocyon Maned wolf 1
13%
Eulipotyphla Talpidae Condylura Star-nosed mole 1
13%
Carnivora Mephitidae Conepatus Hog-nosed skunks 4
13%
Carnivora Viverridae Cynogale Otter civet 1
13%
Artiodactyla Monodontidae Delphinapterus Beluga whale 1
13%
Hyracoidea Procaviidae Dendrohyrax Tree hyraxes 4
13%
Perissodactyla Rhinocerotidae Dicerorhinus Sumatran rhinoceros 1
13%
Diprotodontia Macropodidae Dorcopsis Dorcopsises 4
13%
Microbiotheria Microbiotheriidae Dromiciops Monito del monte 1
13%
Dermoptera Cynocephalidae Galeopterus Sunda flying lemur 1
13%
Artiodactyla Delphinidae Globicephala Pilot whales 2
13%
Carnivora Mustelidae Gulo Wolverine 1
13%
Afrosoricida Tenrecidae Hemicentetes Streaked tenrecs 2
13%
Carnivora Herpestidae Herpestes Slender mongooses 5
13%
Hyracoidea Procaviidae Heterohyrax Yellow-spotted rock hyrax 1
13%
Chiroptera Hipposideridae Hipposideros Roundleaf bats 79
13%
Afrosoricida Chrysochloridae Huetia Congo golden mole 1
13%
Rodentia Caviidae Hydrochoerus Capybaras 2
13%
Rodentia Muridae Hydromys Water rats 4
13%
Artiodactyla Cervidae Hydropotes Water deer 1
13%
Artiodactyla Suidae Hylochoerus Giant forest hog 1
13%
Primates Cercopithecidae Mandrillus Mandrill, drill 2
13%
Rodentia Sciuridae Marmota Marmots 15
13%
Carnivora Ursidae Melursus Sloth bear 1
13%
Carnivora Phocidae Monachus Mediterranean monk seal 1
13%
Chiroptera Mormoopidae Mormoops Ghost-faced bats 2
13%
Artiodactyla Cervidae Muntiacus Muntjacs 14
13%
Dasyuromorphia Dasyuridae Ningaui Ningaui 3
13%
Diprotodontia Macropodidae Notamacropus Wallabies 7
13%
Artiodactyla Bovidae Oreotragus Klipspringer 1
13%
Diprotodontia Macropodidae Osphranter Kangaroos 4
13%
Carnivora Otariidae Otaria South American sea lion 1
13%
Carnivora Felidae Otocolobus Pallas's cat 1
13%
Primates Cercopithecidae Papio Baboons 6
13%
Diprotodontia Pseudocheiridae Petauroides Greater gliders 3
13%
Dasyuromorphia Dasyuridae Phascogale Phascogales 3
13%
Chiroptera Vespertilionidae Pipistrellus Pipistrelles 33
13%
Rodentia Platacanthomyidae Platacanthomys Malabar spiny dormouse 1
13%
Artiodactyla Suidae Porcula Pygmy hog 1
13%
Cingulata Chlamyphoridae Priodontes Giant armadillo 1
13%
Carnivora Felidae Prionailurus Leopard cats etc. 5
13%
Dasyuromorphia Dasyuridae Pseudantechinus False antechinuses 6
13%
Artiodactyla Delphinidae Pseudorca False killer whale 1
13%
Artiodactyla Cervidae Rangifer Reindeer 1
13%
Macroscelidea Macroscelididae Rhynchocyon Checkered elephant shrews 5
13%
Dasyuromorphia Dasyuridae Sarcophilus Tasmanian devil 1
13%
Diprotodontia Macropodidae Setonix Quokka 1
13%
Carnivora Herpestidae Suricata Meerkat 1
13%
Lagomorpha Leporidae Sylvilagus Cottontail rabbits 27
13%
Diprotodontia Tarsipedidae Tarsipes Honey possum 1
13%
Primates Cercopithecidae Theropithecus Gelada 1
13%
Carnivora Canidae Urocyon Grey fox, island fox 2
13%
Artiodactyla Ziphidae Ziphius Cuvier's beaked whale 1
13%
Artiodactyla Bovidae Aepyceros Impala 1
9%
Artiodactyla Bovidae Alcelaphus Hartebeest 1
9%
Primates Cercopithecidae Allenopithecus Allen's swamp monkey 1
9%
Primates Atelidae Alouatta Howler monkeys 15
9%
Artiodactyla Bovidae Ammotragus Barbary sheep 1
9%
Dasyuromorphia Dasyuridae Antechinomys Kultarr 1
9%
Carnivora Mustelidae Aonyx Clawless otters etc. 3
9%
Rodentia Muridae Apodemus Field mice 21
9%
Rodentia Cricetidae Arvicola Water voles 3
9%
Carnivora Canidae Atelocynus Short-eared dog 1
9%
Primates Indriidae Avahi Woolly lemurs 9
9%
Artiodactyla Cervidae Axis Hog deer etc. 4
9%
Artiodactyla Bovidae Beatragus Hirola 1
9%
Artiodactyla Ziphidae Berardius Four-toothed whales 3
9%
Artiodactyla Bovidae Boselaphus Nilgai 1
9%
Primates Callitrichidae Callithrix Marmosets 6
9%
Didelphimorphia Didelphidae Caluromysiops Black-shouldered opossum 1
9%
Artiodactyla Cetotheriidae Caperea Pygmy right whale 1
9%
Artiodactyla Bovidae Capricornis Serows 4
9%
Afrosoricida Chrysochloridae Carpitalpa Arends' golden mole 1
9%
Artiodactyla Tayassuidae Catagonus Chacoan peccary 1
9%
Didelphimorphia Didelphidae Chacodelphys Chacoan pygmy opossum 1
9%
Cingulata Chlamyphoridae Chaetophractus Hairy armadillos 3
9%
Didelphimorphia Didelphidae Chironectes Water opossum 1
9%
Chiroptera Cistugidae Cistugo Wing-gland bats 2
9%
Rodentia Erethizontidae Coendou Prehensile-tailed porcupines 17
9%
Artiodactyla Bovidae Connochaetes Wildebeest 2
9%
Rodentia Nesomyidae Cricetomys Giant pouched rats 4
9%
Eulipotyphla Soricidae Crocidura White-toothed shrews 219
9%
Rodentia Sciuridae Cynomys Prairie dogs 5
9%
Dasyuromorphia Dasyuridae Dasykaluta Little red kaluta 1
9%
Dasyuromorphia Dasyuridae Dasyuroides Kowari 1
9%
Diprotodontia Macropodidae Dendrolagus Tree-kangaroos 14
9%
Eulipotyphla Talpidae Desmana Russian desman 1
9%
Artiodactyla Tayassuidae Dicotyles Collared peccary 1
9%
Rodentia Caviidae Dolichotis Patagonian mara 1
9%
Peramelemorphia Peramelidae Echymipera New Guinean spiny bandicoots 5
9%
Carnivora Mustelidae Eira Tayra 1
9%
Artiodactyla Cervidae Elaphurus Père David's deer 1
9%
Afrosoricida Chrysochloridae Eremitalpa Grant's golden mole 1
9%
Artiodactyla Bovidae Eudorcas Gazelles 4
9%
Primates Lemuridae Eulemur True lemurs 12
9%
Rodentia Sciuridae Eutamias Siberian chipmunk 1
9%
Carnivora Mustelidae Galictis Grisons 2
9%
Afrosoricida Tenrecidae Geogale Large-eared tenrec 1
9%
Rodentia Sciuridae Glaucomys New World flying squirrels 3
9%
Primates Lemuridae Hapalemur Bamboo lemurs 6
9%
Carnivora Ursidae Helarctos Sun bear 1
9%
Rodentia Sciuridae Heliosciurus Sun squirrels 6
9%
Artiodactyla Cervidae Hippocamelus Andean deer 2
9%
Artiodactyla Bovidae Hippotragus Roan antelope, sable antelope 2
9%
Carnivora Phocidae Hydrurga Leopard seal 1
9%
Artiodactyla Ziphidae Hyperoodon Bottlenose whales 2
9%
Chiroptera Vespertilionidae Ia Great evening bat 1
9%
Rodentia Cricetidae Ichthyomys Crab-eating rats 4
9%
Artiodactyla Ziphidae Indopacetus Tropical bottlenose whale 1
9%
Artiodactyla Delphinidae Lagenorhynchus White-sided dolphins etc. 6
9%
Diprotodontia Macropodidae Lagostrophus Banded hare-wallaby 1
9%
Primates Callitrichidae Leontopithecus Lion tamarins 4
9%
Carnivora Felidae Leptailurus Serval 1
9%
Paucituberculata Caenolestidae Lestoros Incan shrew opossum 1
9%
Carnivora Mustelidae Lontra River otters etc. 4
9%
Carnivora Canidae Lupulella Jackals 2
9%
Didelphimorphia Didelphidae Lutreolina Lutrine opossums 2
9%
Carnivora Canidae Lycalopex South American foxes 6
9%
Peramelemorphia Thylacomyidae Macrotis Bilby 1
9%
Didelphimorphia Didelphidae Marmosa Mouse opossums 28
9%
Didelphimorphia Didelphidae Marmosops Slender opossums 16
9%
Artiodactyla Cervidae Mazama Brockets 10
9%
Carnivora Mustelidae Melogale Ferret-badgers 6
9%
Afrosoricida Tenrecidae Microgale Shrew tenrecs 21
9%
Afrosoricida Potamogalidae Micropotamogale Dwarf otter shrews 2
9%
Rodentia Cricetidae Microtus Meadow voles 60
9%
Carnivora Phocidae Mirounga Elephant seals 2
9%
Rodentia Echimyidae Myocastor Nutria 1
9%
Dasyuromorphia Dasyuridae Myoictis Three-striped dasyures 4
9%
Chiroptera Vespertilionidae Myotis Mouse-eared bats 140
9%
Rodentia Zapodidae Napaeozapus Woodland jumping mouse 1
9%
Eulipotyphla Soricidae Neomys Eurasian water shrews 4
9%
Carnivora Otariidae Neophoca Australian sea lion 1
9%
Artiodactyla Phocoenidae Neophocaena Finless porpoises 3
9%
Artiodactyla Bovidae Neotragus Royal antelope 1
9%
Artiodactyla Bovidae Nesotragus Dwarf antelopes 2
9%
Primates Hylobatidae Nomascus Crested gibbons 7
9%
Carnivora Canidae Nyctereutes Raccoon dogs 2
9%
Primates Lorisidae Nycticebus Slow lorises 8
9%
Rodentia Octodontidae Octodontomys Mountain degu 1
9%
Artiodactyla Cervidae Odocoileus Various deer 3
9%
Rodentia Cricetidae Ondatra Muskrat 1
9%
Diprotodontia Macropodidae Onychogalea Nail-tail wallabies 2
9%
Rodentia Cricetidae Oryzomys Rice rats 6
9%
Carnivora Canidae Otocyon Bat-eared fox 1
9%
Artiodactyla Bovidae Ourebia Oribi 1
9%
Primates Lorisidae Perodicticus Pottos 3
9%
Rodentia Cricetidae Peromyscus Deer mice 72
9%
Macroscelidea Macroscelididae Petrodromus Four-toed elephant shrew 1
9%
Diprotodontia Macropodidae Petrogale Rock-wallabies 17
9%
Macroscelidea Macroscelididae Petrosaltator North African elephant shrew 1
9%
Artiodactyla Suidae Phacochoerus Warthogs 2
9%
Didelphimorphia Didelphidae Philander Grey and black four-eyed opossums 13
9%
Primates Indriidae Propithecus Sifakas 9
9%
Carnivora Phocidae Pusa Various seals 3
9%
Primates Cercopithecidae Rhinopithecus Snub-nosed monkeys 5
9%
Paucituberculata Caenolestidae Rhyncholestes Long-nosed shrew opossum 1
9%
Chiroptera Pteropodidae Rousettus Rousettes 7
9%
Artiodactyla Cervidae Rucervus Barasingha 1
9%
Artiodactyla Cervidae Rusa Sambars etc. 4
9%
Primates Callitrichidae Saguinus Tamarins 12
9%
Primates Cebidae Sapajus Robust capuchin monkeys 7
9%
Rodentia Muridae Serengetimys Dwarf multimammate mouse 1
9%
Afrosoricida Tenrecidae Setifer Greater hedgehog tenrec 1
9%
Rodentia Cricetidae Sigmodon Cotton rats 14
9%
Pholidota Manidae Smutsia African ground pangolins 2
9%
Carnivora Canidae Speothos Bush dog 1
9%
Rodentia Sciuridae Spermophilus Old World ground squirrels 15
9%
Diprotodontia Phalangeridae Strigocuscus Dwarf cuscuses 2
9%
Primates Hylobatidae Symphalangus Siamang 1
9%
Rodentia Sciuridae Tamias Eastern chipmunk 1
9%
Artiodactyla Ziphidae Tasmacetus Shepherd's beaked whale 1
9%
Artiodactyla Bovidae Taurotragus Elands 2
9%
Didelphimorphia Didelphidae Tlacuatzin Greyish mouse opossum 1
9%
Cingulata Chlamyphoridae Tolypeutes Three-banded armadillos 2
9%
Primates Cercopithecidae Trachypithecus Lutungs 22
9%
Artiodactyla Bovidae Tragelaphus Various antelopes 8
9%
Carnivora Ursidae Tremarctos Spectacled bear 1
9%
Rodentia Sciuridae Urocitellus Ground squirrels 13
9%
Primates Lemuridae Varecia Ruffed lemurs 2
9%
Diprotodontia Macropodidae Wallabia Swamp wallaby 1
9%
Rodentia Cricetidae Wiedomys Red-nosed mice 2
9%
Rodentia Cricetidae Wilfredomys Greater Wilfred's mouse 1
9%
Diprotodontia Phalangeridae Wyulda Scaly-tailed possum 1
9%
Primates Lorisidae Xanthonycticebus Pygmy slow loris 1
9%
Cingulata Chlamyphoridae Zaedyus Pichi 1
9%
Rodentia Cricetidae Abrawayaomys Ruschi's rat 1
4%
Chiroptera Pteropodidae Acerodon Flying foxes 5
4%
Chiroptera Vespertilionidae Aeorestes Hoary bats 4
4%
Diprotodontia Phalangeridae Ailurops Bear cuscuses 2
4%
Rodentia Cricetidae Akodon Grass mice 41
4%
Artiodactyla Bovidae Ammodorcas Dibatag 1
4%
Rodentia Sciuridae Ammospermophilus Antelope squirrels 5
4%
Scandentia Tupaiidae Anathana Madras treeshrew 1
4%
Rodentia Cricetidae Andinomys Andean mouse 1
4%
Artiodactyla Bovidae Antidorcas Springbok 1
4%
Artiodactyla Bovidae Arabitragus Arabian tahr 1
4%
Carnivora Viverridae Arctictis Binturong 1
4%
Primates Lorisidae Arctocebus Angwantibos 2
4%
Carnivora Otariidae Arctocephalus Southern fur seals 8
4%
Carnivora Mustelidae Arctonyx Hog badgers 3
4%
Rodentia Muridae Arvicanthis Unstriped grass rats 7
4%
Eulipotyphla Erinaceidae Atelerix Various hedgehogs 4
4%
Rodentia Hystricidae Atherurus Brush-tailed porcupines 2
4%
Rodentia Sciuridae Atlantoxerus Barbary ground squirrel 1
4%
Eulipotyphla Solenodontidae Atopogale Cuban solenodon 1
4%
Rodentia Muridae Bandicota Bandicoot rats 3
4%
Carnivora Procyonidae Bassaricyon Olingos 4
4%
Carnivora Procyonidae Bassariscus Ringtail, cacomistle 2
4%
Artiodactyla Cervidae Blastocerus Marsh deer 1
4%
Primates Atelidae Brachyteles Muriquis 2
4%
Artiodactyla Bovidae Budorcas Takin 1
4%
Lagomorpha Leporidae Bunolagus Riverine rabbit 1
4%
Cingulata Chlamyphoridae Cabassous Naked-tailed armadillos 4
4%
Primates Pitheciidae Cacajao Uakaris 4
4%
Afrosoricida Chrysochloridae Calcochloris Golden moles 2
4%
Primates Callitrichidae Callimico Goeldi's marmoset 1
4%
Rodentia Sciuridae Callosciurus Beautiful squirrels 16
4%
Rodentia Cricetidae Cansumys Gansu hamster 1
4%
Rodentia Echimyidae Capromys Desmarest's hutia 1
4%
Primates Tarsiidae Carlito Philippine tarsier 1
4%
Chiroptera Phyllostomidae Carollia Short-tailed bats 9
4%
Carnivora Felidae Catopuma Asian golden cat, bay cat 2
4%
Primates Callitrichidae Cebuella Pygmy marmosets 2
4%
Primates Tarsiidae Cephalopachus Horsfield's tarsier 1
4%
Artiodactyla Bovidae Cephalophus Duikers 16
4%
Rodentia Cricetidae Cerradomys Rice rats 8
4%
Rodentia Erethizontidae Chaetomys Bristle-spined rat 1
4%
Chiroptera Natalidae Chilonatalus Funnel-eared bats 3
4%
Rodentia Muridae Chingawaemys Chingawa forest rat 1
4%
Rodentia Cricetidae Chionomys Snow voles 3
4%
Carnivora Viverridae Civettictis African civet 1
4%
Rodentia Muridae Congomys Swamp rats 2
4%
Eulipotyphla Soricidae Congosorex Congo shrews 3
4%
Chiroptera Vespertilionidae Corynorhinus Big-eared bats 3
4%
Rodentia Cricetidae Cricetulus Dwarf hamsters 7
4%
Afrosoricida Chrysochloridae Cryptochloris Golden moles 2
4%
Carnivora Eupleridae Cryptoprocta Fossa 1
4%
Rodentia Abrocomidae Cuscomys Arboreal chinchilla rats 2
4%
Carnivora Herpestidae Cynictis Yellow mongoose 1
4%
Carnivora Phocidae Cystophora Hooded seal 1
4%
Dasyuromorphia Dasyuridae Dasycercus Mulgaras 2
4%
Rodentia Nesomyidae Delanymys Delany's mouse 1
4%
Scandentia Tupaiidae Dendrogale Smooth-tailed treeshrews 2
4%
Chiroptera Phyllostomidae Desmodus Common vampire bat 1
4%
Rodentia Cricetidae Dinaromys Balkan snow vole 1
4%
Carnivora Viverridae Diplogale Hose's palm civet 1
4%
Rodentia Heteromyidae Dipodomys Kangaroo rats 20
4%
Carnivora Herpestidae Dologale Pousargues's mongoose 1
4%
Artiodactyla Bovidae Dorcatragus Beira 1
4%
Diprotodontia Macropodidae Dorcopsulus Forest wallabies 2
4%
Afrosoricida Tenrecidae Echinops Lesser hedgehog tenrec 1
4%
Eulipotyphla Erinaceidae Echinosorex Moonrat 1
4%
Rodentia Muridae Echiothrix Sulawesi echiothrices 2
4%
Artiodactyla Cervidae Elaphodus Tufted deer 1
4%
Carnivora Mustelidae Enhydra Sea otter 1
4%
Rodentia Cricetidae Eolagurus Steppe lemmings 2
4%
Rodentia Spalacidae Eospalax Zokors 3
4%
Rodentia Zapodidae Eozapus Chinese jumping mouse 1
4%
Carnivora Phocidae Erignathus Bearded seal 1
4%
Primates Cercopithecidae Erythrocebus Patas monkeys 3
4%
Carnivora Otariidae Eumetopias Steller sea lion 1
4%
Cingulata Chlamyphoridae Euphractus Six-banded armadillo 1
4%
Eulipotyphla Talpidae Euroscaptor Various moles 10
4%
Chiroptera Vespertilionidae Falsistrellus False pipistrelles 2
4%
Rodentia Ctenodactylidae Felovia Felou gundi 1
4%
Rodentia Bathyergidae Fukomys Mole-rats 17
4%
Primates Galagidae Galagoides Western dwarf galagos 3
4%
Rodentia Caviidae Galea Yellow-toothed cavies 6
4%
Macroscelidea Macroscelididae Galegeeska Horn of Africa elephant shrews 2
4%
Eulipotyphla Talpidae Galemys Pyrenian desman 1
4%
Carnivora Eupleridae Galidia Ring-tailed vontsira 1
4%
Carnivora Eupleridae Galidictis Striped mongooses 2
4%
Rodentia Echimyidae Geocapromys Jamaican hutia, Bahamian hutia 2
4%
Rodentia Gliridae Glirulus Japanese dormouse 1
4%
Artiodactyla Delphinidae Grampus Risso's dolphin 1
4%
Rodentia Gliridae Graphiurus African dormice 15
4%
Diprotodontia Petauridae Gymnobelideus Leadbeater's possum 1
4%
Carnivora Phocidae Halichoerus Grey seal 1
4%
Diprotodontia Pseudocheiridae Hemibelideus Lemur-like ringtail possum 1
4%
Carnivora Viverridae Hemigalus Banded palm civet 1
4%
Artiodactyla Bovidae Hemitragus Himalayan tahr 1
4%
Carnivora Felidae Herpailurus Jaguarundi 1
4%
Carnivora Mustelidae Hydrictis Spotted-necked otter 1
4%
Artiodactyla Tragulidae Hyemoschus Water chevrotain 1
4%
Rodentia Sciuridae Hyosciurus Long-nosed squirrels 2
4%
Chiroptera Vespertilionidae Hypsugo Pipistrelles 19
4%
Carnivora Herpestidae Ichneumia White-tailed mongoose 1
4%
Rodentia Sciuridae Ictidomys Ground squirrels 3
4%
Carnivora Mustelidae Ictonyx Striped polecats 2
4%
Rodentia Anomaluridae Idiurus Flying mice 2
4%
Peramelemorphia Peramelidae Isoodon Short-nosed bandicoots 3
4%
Rodentia Caviidae Kerodon Rock cavies 2
4%
Artiodactyla Bovidae Kobus Lechwe etc. 6
4%
Rodentia Cricetidae Kunsia Woolly giant rat 1
4%
Rodentia Chinchillidae Lagostomus Plains visacha 1
4%
Primates Atelidae Lagothrix Woolly monkeys 2
4%
Rodentia Cricetidae Lagurus Steppe lemming 1
4%
Rodentia Diatomyidae Laonastes Laotian rock rat 1
4%
Chiroptera Vespertilionidae Lasiurus Red bats 13
4%
Rodentia Cricetidae Lemmiscus Sagebrush vole 1
4%
Rodentia Cricetidae Lemmus True lemmings 6
4%
Primates Callitrichidae Leontocebus Saddle-back tamarins 10
4%
Rodentia Muridae Leporillus Greater stick-nest rat 1
4%
Carnivora Phocidae Leptonychotes Weddell seal 1
4%
Didelphimorphia Didelphidae Lestodelphys Patagonian opossum 1
4%
Carnivora Herpestidae Liberiictis Liberian mongoose 1
4%
Artiodactyla Delphinidae Lissodelphis Right whale dolphins 2
4%
Artiodactyla Bovidae Litocranius Gerenuk 1
4%
Carnivora Phocidae Lobodon Crabeater seal 1
4%
Rodentia Echimyidae Lonchothrix Tuft-tailed spiny tree-rat 1
4%
Rodentia Muridae Lophiomys Maned rat 1
4%
Primates Cercopithecidae Lophocebus Crested mangabeys 6
4%
Carnivora Mustelidae Lutrogale Smooth-coated otter 1
4%
Carnivora Mustelidae Lyncodon Patagonian weasel 1
4%
Chiroptera Megadermatidae Macroderma Ghost bat 1
4%
Carnivora Viverridae Macrogalidia Sulawesi palm civet 1
4%
Chiroptera Hipposideridae Macronycteris Leaf-nosed bats 5
4%
Artiodactyla Bovidae Madoqua Dik-diks 4
4%
Rodentia Ctenodactylidae Massoutiera Mzab gundi 1
4%
Rodentia Muridae Mastomys Multimammate mice 8
4%
Rodentia Muridae Maxomys Spiny rats 18
4%
Eulipotyphla Soricidae Megasorex Mexican shrew 1
4%
Carnivora Mustelidae Mellivora Honey badger 1
4%
Rodentia Muridae Melomys Mosaic-tailed rats 22
4%
Rodentia Cricetidae Mesocricetus Golden hamsters 4
4%
Primates Callitrichidae Mico Marmosets 16
4%
Rodentia Caviidae Microcavia Mountain cavies 6
4%
Primates Cheirogaleidae Microcebus Mouse lemurs 25
4%
Rodentia Heteromyidae Microdipodops Kangaroo mice 2
4%
Rodentia Muridae Microhydromys Groove-toothed mice 2
4%
Rodentia Muridae Micromys Harvest mice 2
4%
Chiroptera Phyllostomidae Micronycteris Big-eared bats 11
4%
Peramelemorphia Peramelidae Microperoryctes New Guinean mouse bandicoots 5
4%
Rodentia Cricetidae Microryzomys Small rice rats 2
4%
Rodentia Sciuridae Microsciurus Dwarf squirrels 4
4%
Primates Cercopithecidae Miopithecus Talapoins 2
4%
Chiroptera Pteropodidae Mirimiri Fijian monkey-faced bat 1
4%
Primates Cheirogaleidae Mirza Giant mouse lemurs 2
4%
Rodentia Muridae Mirzamys Mirza's moss rats 2
4%
Eulipotyphla Talpidae Mogera Various moles 9
4%
Didelphimorphia Didelphidae Monodelphis Short-tailed opossums 28
4%
Rodentia Nesomyidae Monticolomys Malagasy mountain mouse 1
4%
Chiroptera Molossidae Mops Greater mastiff bats 16
4%
Artiodactyla Tragulidae Moschiola Spotted chevrotains 3
4%
Carnivora Herpestidae Mungos Banded mongoose, Gambian mongoose 2
4%
Rodentia Gliridae Muscardinus Hazel dormouse 1
4%
Carnivora Mephitidae Mydaus Stink badgers 2
4%
Rodentia Muridae Mylomys African groove-toothed rat, Ethiopian mylomys 2
4%
Rodentia Dasyproctidae Myoprocta Acouchis 2
4%
Artiodactyla Bovidae Naemorhedus Gorals 4
4%
Artiodactyla Bovidae Nanger Gazelles 3
4%
Rodentia Sciuridae Nannosciurus Black-eared squirrel 1
4%
Rodentia Spalacidae Nannospalax Small-bodied mole-rats 3
4%
Primates Cercopithecidae Nasalis Proboscis monkey 1
4%
Carnivora Procyonidae Nasua Coatis 2
4%
Carnivora Procyonidae Nasuella Mountain coatis 2
4%
Rodentia Cricetidae Neofiber Round-tailed muskrat 1
4%
Carnivora Mustelidae Neogale New World weasels 4
4%
Carnivora Phocidae Neomonachus Hawaiian monk seal 1
4%
Dasyuromorphia Dasyuridae Neophascogale Speckled dasyure 1
4%
Rodentia Sciuridae Neotamias Chipmunks 23
4%
Rodentia Cricetidae Neotoma Pack rats 20
4%
Afrosoricida Tenrecidae Nesogale Shrew tenrecs 2
4%
Rodentia Muridae Nesokia Short-tailed bandicoot rats 2
4%
Lagomorpha Leporidae Nesolagus Striped rabbits 2
4%
Artiodactyla Bovidae Nilgiritragus Nilgiri tahr 1
4%
Rodentia Muridae Nilopegamys Ethiopian amphibious rat 1
4%
Eulipotyphla Soricidae Notiosorex Grey shrews 5
4%
Rodentia Sciuridae Notocitellus Ground squirrels 2
4%
Rodentia Octodontidae Octomys Mountain viscacha rat 1
4%
Carnivora Phocidae Ommatophoca Ross seal 1
4%
Artiodactyla Delphinidae Orcaella Snubfin dolphins 2
4%
Artiodactyla Bovidae Oreamnos Mountain goat 1
4%
Chiroptera Vespertilionidae Otonycteris Long-eared bats 2
4%
Rodentia Sciuridae Otospermophilus American rock squirrels 3
4%
Artiodactyla Bovidae Ovibos Muskox 1
4%
Artiodactyla Cervidae Ozotoceros Pampas deer 1
4%
Carnivora Phocidae Pagophilus Harp seal 1
4%
Eulipotyphla Soricidae Palawanosorex Palawan moss shrew 1
4%
Artiodactyla Cervidae Panolia Eld's deer 1
4%
Artiodactyla Bovidae Pantholops Tibetan antelope 1
4%
Carnivora Viverridae Paradoxurus Palm civets 3
4%
Primates Galagidae Paragalago Eastern dwarf galagos 7
4%
Rodentia Muridae Parahydromys New Guinea waterside rat 1
4%
Dasyuromorphia Dasyuridae Parantechinus Dibbler 1
4%
Eulipotyphla Talpidae Parascaptor White-tailed mole 1
4%
Rodentia Sciuridae Paraxerus African bush squirrels 11
4%
Carnivora Felidae Pardofelis Marbled cat 1
4%
Chiroptera Emballonuridae Paremballonura Sheath-tailed bats 2
4%
Rodentia Muridae Paucidentomys Edented Sulawesi rat 1
4%
Carnivora Mustelidae Pekania Fisher 1
4%
Artiodactyla Bovidae Pelea Grey rhebok 1
4%
Artiodactyla Delphinidae Peponocephala Melon-headed whale 1
4%
Peramelemorphia Peramelidae Peroryctes New Guinean long-nosed bandicoots 2
4%
Rodentia Sciuridae Petaurista Giant flying squirrels 11
4%
Primates Cheirogaleidae Phaner Fork-marked lemurs 4
4%
Pholidota Manidae Phataginus African tree pangolins 2
4%
Artiodactyla Bovidae Philantomba Duikers 3
4%
Carnivora Otariidae Phocarctos New Zealand sea lion 1
4%
Artiodactyla Phocoenidae Phocoenoides Dall's porpoise 1
4%
Rodentia Cricetidae Phodopus Dwarf hamsters 3
4%
Primates Cercopithecidae Piliocolobus Red colobuses 17
4%
Rodentia Muridae Pithecheir Tree rats 2
4%
Rodentia Muridae Pithecheirops Bornean pithecheirops 1
4%
Carnivora Mustelidae Poecilogale African striped weasel 1
4%
Lagomorpha Leporidae Poelagus Bunyoro rabbit 1
4%
Carnivora Viverridae Poiana African linsangs 2
4%
Carnivora Procyonidae Potos Kinkajou 1
4%
Rodentia Sciuridae Priapomys Himalayan large-eared flying squirrel 1
4%
Artiodactyla Bovidae Procapra Asian gazelles 3
4%
Primates Cercopithecidae Procolobus Olive colobus 1
4%
Rodentia Cricetidae Prometheomys Long-clawed mole vole 1
4%
Lagomorpha Leporidae Pronolagus Red rock hares 4
4%
Diprotodontia Pseudocheiridae Pseudochirops False ringtail possums 5
4%
Diprotodontia Pseudocheiridae Pseudochirulus Slender ringtail possums 8
4%
Rodentia Muridae Pseudohydromys Shrew mice, moss mice 12
4%
Artiodactyla Bovidae Pseudois Bharal 1
4%
Artiodactyla Bovidae Pseudoryx Saola 1
4%
Rodentia Cricetidae Pseudoryzomys Brazilian false rice rat 1
4%
Rodentia Sciuridae Pteromys Old World flying squirrels 2
4%
Rodentia Sciuridae Pteromyscus Smoky flying squirrel 1
4%
Carnivora Mustelidae Pteronura Giant otter 1
4%
Rodentia Cricetidae Punomys Puna mice 2
4%
Artiodactyla Bovidae Raphicerus Grysboks etc. 3
4%
Rodentia Sciuridae Ratufa Oriental giant squirrels 4
4%
Artiodactyla Bovidae Redunca Reedbucks 3
4%
Chiroptera Rhinonycteridae Rhinonicteris Orange leaf-nosed bat 1
4%
Rodentia Spalacidae Rhizomys Bamboo rats 3
4%
Carnivora Herpestidae Rhynchogale Meller's mongoose 1
4%
Lagomorpha Leporidae Romerolagus Volcano rabbit 1
4%
Primates Cercopithecidae Rungwecebus Kipunji 1
4%
Artiodactyla Bovidae Rupicapra Chamois 2
4%
Eulipotyphla Soricidae Ruwenzorisorex Ruwenzori shrew 1
4%
Primates Cebidae Saimiri Squirrel monkeys 7
4%
Carnivora Eupleridae Salanoia Vontsiras 2
4%
Rodentia Cricetidae Salinomys Delicate salt flat mouse 1
4%
Rodentia Dipodidae Salpingotus Pygmy jerboas 6
4%
Rodentia Echimyidae Santamartamys Red-crested tree-rat 1
4%
Eulipotyphla Talpidae Scalopus Eastern mole 1
4%
Rodentia Sciuridae Sciurotamias Chinese rock squirrels 2
4%
Eulipotyphla Soricidae Scutisorex Hero shrews 2
4%
Rodentia Gliridae Selevinia Desert dormouse 1
4%
Primates Cercopithecidae Semnopithecus Grey langurs 8
4%
Rodentia Sminthidae Sicista Birch mice 19
4%
Primates Cercopithecidae Simias Pig-tailed langur 1
4%
Dasyuromorphia Dasyuridae Sminthopsis Dunnarts 19
4%
Artiodactyla Delphinidae Sotalia Tucuxi, Guiana dolphin 2
4%
Artiodactyla Delphinidae Sousa Humpback dolphins 4
4%
Rodentia Octodontidae Spalacopus Coruro 1
4%
Rodentia Spalacidae Spalax Blind mole-rats 8
4%
Rodentia Sciuridae Spermophilopsis Long-clawed ground squirrel 1
4%
Diprotodontia Phalangeridae Spilocuscus Cuscuses 5
4%
Carnivora Mephitidae Spilogale Spotted skunks 4
4%
Eulipotyphla Soricidae Suncus White-toothed shrews, pygmy shrews etc. 19
4%
Artiodactyla Bovidae Sylvicapra Common duiker 1
4%
Eulipotyphla Soricidae Sylvisorex Forest shrews 15
4%
Chiroptera Molossidae Tadarida Free-tailed bats 8
4%
Rodentia Sciuridae Tamiasciurus Pine squirrels 3
4%
Rodentia Sciuridae Tamiops Asiatic striped squirrels 4
4%
Carnivora Mustelidae Taxidea American badger 1
4%
Artiodactyla Bovidae Tetracerus Four-horned antelope 1
4%
Rodentia Geomyidae Thomomys Smooth-toothed pocket gophers 12
4%
Diprotodontia Macropodidae Thylogale Pademelons 7
4%
Rodentia Muridae Tokudaia Ryūkyū spiny rats 3
4%
Rodentia Muridae Tonkinomys Daovantien's limestone rat 1
4%
Rodentia Cricetidae Transandinomys Rice rats 2
4%
Rodentia Hystricidae Trichys Long-tailed porcupine 1
4%
Rodentia Sciuridae Trogopterus Complex-toothed flying squirrel 1
4%
Rodentia Muridae Uromys Giant naked-tailed rats 11
4%
Eulipotyphla Talpidae Uropsilus Shrew moles 8
4%
Carnivora Herpestidae Urva Asian mongooses 9
4%
Chiroptera Phyllostomidae Vampyressa Yellow-eared bats 5
4%
Chiroptera Phyllostomidae Vampyrum Spectral bat 1
4%
Carnivora Viverridae Viverricula Small Indian civet 1
4%
Rodentia Nesomyidae Voalavo Voalavoes 2
4%
Rodentia Cricetidae Volemys Szechuan vole, Marie's vole 2
4%
Carnivora Mustelidae Vormela Marbled polecat 1
4%
Carnivora Herpestidae Xenogale Long-nosed mongoose 1
4%
Rodentia Cricetidae Xenomys Magdalena rat 1
4%
Rodentia Muridae Xenuromys Mimic tree rat 1
4%
Rodentia Sciuridae Xerus Unstriped ground squirrel 1
4%
Carnivora Otariidae Zalophus Sea lions 2
4%
Rodentia Geomyidae Zygogeomys Michoacan pocket gopher 1
4%
Rodentia Muridae Zyzomys Rock rats 5
4%
Rodentia Muridae Abditomys Luzon broad-toothed rat 1
0%
Rodentia Muridae Abeomelomys Highland brush mouse 1
0%
Rodentia Cricetidae Abrothrix Grass mice 11
0%
Rodentia Muridae Acomys Spiny mice 21
0%
Rodentia Octodontidae Aconaemys Rock rats 3
0%
Rodentia Cricetidae Aegialomys Rice rats 2
0%
Rodentia Cricetidae Aepeomys Montane mice 2
0%
Diprotodontia Potoroidae Aepyprymnus Rufous rat-kangaroo 1
0%
Rodentia Sciuridae Aeretes Groove-toothed flying squirrel 1
0%
Rodentia Sciuridae Aeromys Large black flying squirrels 2
0%
Chiroptera Pteropodidae Aethalops Fruit bats 2
0%
Rodentia Muridae Aethomys Rock rats 11
0%
Chiroptera Vespertilionidae Afronycteris Serotines 2
0%
Rodentia Cricetidae Alexandromys Various voles 13
0%
Chiroptera Pteropodidae Alionycteris Mindanao pygmy fruit bat 1
0%
Rodentia Dipodidae Allactaga Five-toed jerboas 8
0%
Primates Cheirogaleidae Allocebus Hairy-eared dwarf lemur 1
0%
Primates Cercopithecidae Allochrocebus Terrestrial guenons 3
0%
Rodentia Cricetidae Allocricetulus Mongolian hamster, Eversmann's hamster 2
0%
Eulipotyphla Talpidae Alpiscaptulus Medog mole 1
0%
Rodentia Cricetidae Alticola Various voles 12
0%
Afrosoricida Chrysochloridae Amblysomus Narrow-headed golden moles 5
0%
Chiroptera Phyllostomidae Ametrida Little white-shouldered bat 1
0%
Rodentia Muridae Ammodillus Ammodile 1
0%
Chiroptera Furipteridae Amorphochilus Smoky bat 1
0%
Rodentia Cricetidae Amphinectomys Ucayali water rat 1
0%
Rodentia Cricetidae Andalgalomys Chaco mice 3
0%
Rodentia Muridae Anisomys Squirrel-toothed rat 1
0%
Rodentia Muridae Anonymomys Mindoro climbing rat 1
0%
Rodentia Cricetidae Anotomys Aquatic rat 1
0%
Chiroptera Phyllostomidae Anoura Tailless bats 11
0%
Eulipotyphla Soricidae Anourosorex Asian mole shrews 4
0%
Chiroptera Hipposideridae Anthops Flower-faced bat 1
0%
Chiroptera Vespertilionidae Antrozous Pallid bat 1
0%
Rodentia Muridae Apomys Earthworm mice 19
0%
Chiroptera Pteropodidae Aproteles Bulmer's fruit bat 1
0%
Rodentia Cricetidae Arborimus White-footed vole, tree voles 3
0%
Rodentia Muridae Archboldomys Shrew-mice 2
0%
Carnivora Viverridae Arctogalidia Small-toothed palm civet 1
0%
Chiroptera Phyllostomidae Ardops Tree bat 1
0%
Chiroptera Vespertilionidae Arielulus Sprites 3
0%
Chiroptera Phyllostomidae Ariteus Jamaican fig-eating bat 1
0%
Chiroptera Phyllostomidae Artibeus Neotropical fruit bats 12
0%
Chiroptera Hipposideridae Asellia Trident bats 4
0%
Chiroptera Hipposideridae Aselliscus Trident bats 3
0%
Carnivora Herpestidae Atilax Marsh mongoose 1
0%
Rodentia Cricetidae Auliscomys Big-eared mice 3
0%
Chiroptera Molossidae Austronomus Australasian free-tailed bats 2
0%
Rodentia Nesomyidae Baemys Hamster-rats 2
0%
Rodentia Cricetidae Baiomys Pygmy mice 2
0%
Rodentia Muridae Baiyankamys Water rats 2
0%
Chiroptera Emballonuridae Balantiopteryx Sac-winged bats 3
0%
Chiroptera Pteropodidae Balionycteris Spotted-winged fruit bat 1
0%
Chiroptera Vespertilionidae Barbastella Barbastelles 6
0%
Rodentia Muridae Batomys Hairy-tailed rats 6
0%
Chiroptera Vespertilionidae Bauerus Van Gelder's bat 1
0%
Carnivora Herpestidae Bdeogale Various mongooses 4
0%
Rodentia Sciuridae Belomys Hairy-footed flying squirrel 1
0%
Rodentia Muridae Berylmys White-toothed rats 4
0%
Rodentia Cricetidae Bibimys Crimson-nosed rats 3
0%
Rodentia Sciuridae Biswamoyopterus Flying squirrels 3
0%
Eulipotyphla Soricidae Blarina Short-tailed shrews 5
0%
Eulipotyphla Soricidae Blarinella Short-tailed shrews 3
0%
Rodentia Cricetidae Blarinomys Brazilian shrew mouse 1
0%
Chiroptera Pteropodidae Boneia Manado fruit bat 1
0%
Rodentia Muridae Brachiones Przewalski's gerbil 1
0%
Chiroptera Phyllostomidae Brachyphylla Caribbean fruit-eating bats 2
0%
Rodentia Nesomyidae Brachytarsomys Antsangies 2
0%
Rodentia Nesomyidae Brachyuromys Short-tailed rats 2
0%
Rodentia Muridae Brassomys White-toothed brush mouse 1
0%
Rodentia Cricetidae Brucepattersonius Brucies 7
0%
Rodentia Muridae Bullimus Forest rats etc. 4
0%
Rodentia Muridae Bunomys Hill rats 8
0%
Primates Pitheciidae Callicebus Titi monkeys 5
0%
Rodentia Echimyidae Callistomys Painted tree-rat 1
0%
Carnivora Otariidae Callorhinus Northern fur seal 1
0%
Rodentia Sciuridae Callospermophilus Ground squirrels 3
0%
Cingulata Chlamyphoridae Calyptophractus Greater fairy armadillo 1
0%
Rodentia Spalacidae Cannomys Lesser bamboo rat 1
0%
Lagomorpha Leporidae Caprolagus Hispid hare 1
0%
Rodentia Dipodidae Cardiocranius Five-toed pygmy jerboa 1
0%
Chiroptera Megadermatidae Cardioderma Heart-nosed bat 1
0%
Rodentia Muridae Carpomys Luzon tree rats 2
0%
Rodentia Echimyidae Carterodon Owl's spiny rat 1
0%
Rodentia Cricetidae Caryomys Red-backed voles 2
0%
Chiroptera Pteropodidae Casinycteris Short-palated bats 3
0%
Chiroptera Vespertilionidae Cassistrellus Helmeted bats 2
0%
Chiroptera Emballonuridae Centronycteris Shaggy bats 2
0%
Chiroptera Phyllostomidae Centurio Wrinkle-faced bat 1
0%
Artiodactyla Delphinidae Cephalorhynchus Various dolphins 4
0%
Diprotodontia Burramyidae Cercartetus Pygmy possums 4
0%
Primates Cercopithecidae Cercocebus White-eyelid mangabeys 6
0%
Chiroptera Molossidae Chaerephon Lesser mastiff bats 20
0%
Rodentia Gliridae Chaetocauda Chinese dormouse 1
0%
Rodentia Heteromyidae Chaetodipus Pocket mice 17
0%
Chiroptera Vespertilionidae Chalinolobus Wattled bats, pied bats 7
0%
Chiroptera Molossidae Cheiromeles Naked bats 2
0%
Rodentia Cricetidae Chelemys Long-clawed mice 3
0%
Primates Pitheciidae Cheracebus Titi monkeys 5
0%
Rodentia Cricetidae Chibchanomys Water mice 2
0%
Rodentia Cricetidae Chilomys Colombian forest mouse 1
0%
Eulipotyphla Soricidae Chimarrogale Asiatic water shrews 6
0%
Rodentia Cricetidae Chinchillula Altiplano chinchilla mouse 1
0%
Chiroptera Phyllostomidae Chiroderma Big-eyed bats 8
0%
Rodentia Muridae Chiromyscus Fea's tree rat 1
0%
Chiroptera Pteropodidae Chironax Black-capped fruit bat 1
0%
Rodentia Muridae Chiropodomys Pencil-tailed tree mice 6
0%
Primates Pitheciidae Chiropotes Bearded sakis 6
0%
Rodentia Muridae Chiruromys Tree mice 3
0%
Primates Cercopithecidae Chlorocebus Various monkeys 7
0%
Afrosoricida Chrysochloridae Chlorotalpa Golden moles 2
0%
Eulipotyphla Soricidae Chodsigoa Various shrews 9
0%
Chiroptera Phyllostomidae Choeroniscus Long-tailed bats 3
0%
Chiroptera Phyllostomidae Choeronycteris Mexican long-tongued bat 1
0%
Carnivora Viverridae Chrotogale Owston's palm civet 1
0%
Rodentia Muridae Chrotomys Striped rats, shrew rats 5
0%
Chiroptera Phyllostomidae Chrotopterus Big-eared woolly bat 1
0%
Afrosoricida Chrysochloridae Chrysospalax Golden moles 2
0%
Rodentia Cricetidae Clethrionomys Red-backed voles 5
0%
Chiroptera Rhinonycteridae Cloeotis Percival's trident bat 1
0%
Rodentia Echimyidae Clyomys Broad-headed spiny rat 1
0%
Rodentia Muridae Coccymys Brush mice 3
0%
Chiroptera Hipposideridae Coelops Tailless leaf-nosed bats 2
0%
Chiroptera Emballonuridae Coleura Sheath-tailed bats 3
0%
Rodentia Muridae Colomys African wading rat 1
0%
Rodentia Muridae Conilurus Brush-tailed rabbit rat 1
0%
Chiroptera Emballonuridae Cormura Chestnut sac-winged bat 1
0%
Rodentia Cricetidae Craseomys Red-backed voles 7
0%
Rodentia Muridae Crateromys Cloud rats, cloudrunners 4
0%
Rodentia Geomyidae Cratogeomys Pocket gophers 7
0%
Rodentia Muridae Cremnomys Cutch rat, Elvira rat 2
0%
Carnivora Herpestidae Crossarchus Kusimanses 4
0%
Rodentia Muridae Crossomys Earless water rat 2
0%
Rodentia Muridae Crunomys Shrew-rats 4
0%
Rodentia Bathyergidae Cryptomys Mole-rats 5
0%
Didelphimorphia Didelphidae Cryptonanus Savanna gracile opossums 4
0%
Eulipotyphla Soricidae Cryptotis Small-eared shrews 34
0%
Chiroptera Molossidae Cynomops Dog-faced bats 10
0%
Chiroptera Pteropodidae Cynopterus Short-nosed fruit bats etc. 7
0%
Chiroptera Emballonuridae Cyttarops Short-eared bat 1
0%
Rodentia Muridae Dacnomys Millard's rat 1
0%
Rodentia Echimyidae Dactylomys Bamboo rats 3
0%
Diprotodontia Petauridae Dactylopsila Trioks 4
0%
Rodentia Muridae Dasymys Shaggy marsh rats 11
0%
Chiroptera Vespertilionidae Dasypterus Yellow bats 4
0%
Rodentia Cricetidae Delomys Atlantic Forest rats 4
0%
Rodentia Cricetidae Deltamys Kemp's grass mouse 1
0%
Rodentia Nesomyidae Dendromus Climbing mice 14
0%
Rodentia Nesomyidae Dendroprionomys Velvet climbing mouse 1
0%
Rodentia Muridae Deomys Link rat 1
0%
Rodentia Muridae Dephomys Defua rat, Ivory Coast rat 2
0%
Chiroptera Phyllostomidae Dermanura Fruit-eating bats 11
0%
Chiroptera Pteropodidae Desmalopex White-winged flying foxes 2
0%
Rodentia Muridae Desmodilliscus Pouched gerbil 1
0%
Rodentia Muridae Desmodillus Cape short-eared gerbil 1
0%
Rodentia Muridae Desmomys Harrington's rat, Yalden's rat 2
0%
Chiroptera Phyllostomidae Diaemus White-winged vampire bat 1
0%
Chiroptera Emballonuridae Diclidurus Ghost bats 4
0%
Rodentia Cricetidae Dicrostonyx Collared lemmings 7
0%
Rodentia Muridae Diomys Crump's mouse 1
0%
Chiroptera Phyllostomidae Diphylla Hairy-legged vampire bat 1
0%
Eulipotyphla Soricidae Diplomesodon Piebald shrew 1
0%
Rodentia Echimyidae Diplomys Soft-furred spiny rats 2
0%
Rodentia Muridae Diplothrix Ryukyu long-tailed giant rat 1
0%
Rodentia Muridae Dipodillus Various gerbils 13
0%
Diprotodontia Acrobatidae Distoechurus Feather-tailed possum 1
0%
Chiroptera Pteropodidae Dobsonia Naked-backed fruit bats 14
0%
Chiroptera Hipposideridae Doryrhina Cyclops roundleaf bat 1
0%
Rodentia Sciuridae Dremomys Red-cheeked squirrels 6
0%
Chiroptera Phyllostomidae Dryadonycteris Dryades bat 1
0%
Rodentia Cricetidae Drymoreomys albimaculatus 1
0%
Rodentia Gliridae Dryomys Forest dormice 3
0%
Chiroptera Pteropodidae Dyacopterus Dyak fruit bats 3
0%
Eulipotyphla Talpidae Dymecodon True's shrew mole 1
0%
Chiroptera Phyllostomidae Ectophylla Honduran white bat 1
0%
Chiroptera Pteropodidae Eidolon Palm bats 2
0%
Macroscelidea Macroscelididae Elephantulus Round-eared elephant shrews 8
0%
Rodentia Cricetidae Eligmodontia Gerbil mice 6
0%
Rodentia Gliridae Eliomys Garden dormice 3
0%
Rodentia Nesomyidae Eliurus Tufted-tailed rats 12
0%
Rodentia Cricetidae Ellobius Mole voles 5
0%
Chiroptera Phyllostomidae Enchisthenes Velvety fruit-eating bat 1
0%
Rodentia Sciuridae Eoglaucomys Kashmir flying squirrel 1
0%
Chiroptera Pteropodidae Eonycteris Dawn bats 3
0%
Rodentia Cricetidae Eothenomys Red-backed voles 8
0%
Eulipotyphla Soricidae Episoriculus Brown-toothed shrews 4
0%
Rodentia Sciuridae Epixerus Ebian's palm squirrel 1
0%
Chiroptera Pteropodidae Epomophorus Epauletted fruit bats 10
0%
Chiroptera Pteropodidae Epomops Epauletted fruit bats 2
0%
Chiroptera Vespertilionidae Eptesicus Serotine bats 29
0%
Rodentia Dipodidae Eremodipus Lichtenstein's jerboa 1
0%
Rodentia Cricetidae Eremoryzomys Grey rice rat 1
0%
Rodentia Muridae Eropeplus Sulawesi soft-furred rat 1
0%
Chiroptera Phyllostomidae Erophylla Flower bats 2
0%
Rodentia Dipodidae Euchoreutes Long-eared jerboa 1
0%
Chiroptera Vespertilionidae Euderma Spotted bat 1
0%
Chiroptera Megadermatidae Eudiscoderma Thongaree's disc-nosed bat 1
0%
Chiroptera Vespertilionidae Eudiscopus Disk-footed bat 1
0%
Chiroptera Molossidae Eumops Bonneted bats 17
0%
Rodentia Cricetidae Euneomys Chinchilla mice 4
0%
Primates Galagidae Euoticus Needle-clawed bushbabies 2
0%
Rodentia Sciuridae Eupetaurus Woolly flying squirrels 3
0%
Rodentia Cricetidae Euryoryzomys Rice rats 6
0%
Rodentia Echimyidae Euryzygomatomys Guiaras 2
0%
Rodentia Sciuridae Euxerus Striped ground squirrel 1
0%
Rodentia Sciuridae Exilisciurus Pygmy squirrels 3
0%
Artiodactyla Delphinidae Feresa Pygmy killer whale 1
0%
Eulipotyphla Soricidae Feroculus Kelaart's long-clawed shrew 1
0%
Rodentia Sciuridae Funambulus Palm squirrels 6
0%
Rodentia Sciuridae Funisciurus African striped squirrels 9
0%
Rodentia Cricetidae Galenomys Garlepp's mouse 1
0%
Rodentia Bathyergidae Georychus Cape mole-rat 1
0%
Rodentia Sciuridae Geosciurus African ground squirrels 2
0%
Rodentia Cricetidae Geoxus Long-clawed mice 2
0%
Rodentia Muridae Gerbilliscus Various gerbils 11
0%
Rodentia Muridae Gerbillurus Hairy-footed gerbils 4
0%
Rodentia Muridae Gerbillus Various gerbils 37
0%
Chiroptera Vespertilionidae Glauconycteris Butterfly bats etc. 13
0%
Didelphimorphia Didelphidae Glironia Bushy-tailed opossum 1
0%
Chiroptera Vespertilionidae Glischropus Thick-thumbed bats 4
0%
Chiroptera Phyllostomidae Glossophaga Long-tongued bats 9
0%
Chiroptera Phyllostomidae Glyphonycteris Big-eared bats 3
0%
Rodentia Sciuridae Glyphotes Sculptor squirrel 1
0%
Rodentia Muridae Golunda Indian bush rat 1
0%
Didelphimorphia Didelphidae Gracilinanus Gracile opossums 6
0%
Rodentia Muridae Grammomys Thicket rats 15
0%
Rodentia Cricetidae Graomys Leaf-eared mice 4
0%
Rodentia Nesomyidae Gymnuromys Voalavoanala 1
0%
Rodentia Cricetidae Habromys Deer mice 7
0%
Rodentia Muridae Hadromys Bush rats 2
0%
Rodentia Muridae Haeromys Ranee mice 3
0%
Rodentia Muridae Halmaheramys Spiny rats 2
0%
Rodentia Cricetidae Handleyomys Rice rats 8
0%
Rodentia Muridae Hapalomys Marmoset rats 3
0%
Chiroptera Pteropodidae Haplonycteris Fischer's pygmy fruit bat 1
0%
Chiroptera Vespertilionidae Harpiocephalus Lesser hairy-winged bat 1
0%
Chiroptera Vespertilionidae Harpiola Tube-nosed bats 2
0%
Chiroptera Pteropodidae Harpyionycteris Harpy fruit bats 2
0%
Rodentia Muridae Heimyscus African smoky mouse 1
0%
Rodentia Bathyergidae Heliophobius Silvery mole-rat 1
0%
Carnivora Herpestidae Helogale Dwarf mongooses 2
0%
Eulipotyphla Erinaceidae Hemiechinus Long-eared hedgehogs 2
0%
Chiroptera Vespertilionidae Hesperoptenus False serotine bats 5
0%
Rodentia Geomyidae Heterogeomys Pocket gophers 7
0%
Chiroptera Vespertilionidae Histiotus Big-eared brown bats 11
0%
Carnivora Phocidae Histriophoca Ribbon seal 1
0%
Rodentia Cricetidae Hodomys Allen's woodrat 1
0%
Rodentia Cricetidae Holochilus Marsh rats 5
0%
Rodentia Echimyidae Hoplomys Armoured rat 1
0%
Chiroptera Phyllostomidae Hsunycteris Long-tongued bats, nectar bats 4
0%
Rodentia Muridae Hybomys Striped mice 6
0%
Didelphimorphia Didelphidae Hyladelphys Kalinowski's mouse opossum 1
0%
Rodentia Cricetidae Hylaeamis Rice rats 7
0%
Rodentia Muridae Hylomiscus Wood mice 21
0%
Eulipotyphla Erinaceidae Hylomys Gymnures 3
0%
Chiroptera Phyllostomidae Hylonycteris Underwood's long-tongued bat 1
0%
Rodentia Sciuridae Hylopetes Flying squirrels 10
0%
Rodentia Muridae Hyomys White-eared giant rats 2
0%
Rodentia Muridae Hyorhinomys Hog-nosed shrew rat 1
0%
Rodentia Cricetidae Hyperacrius True's vole, Murree vole 2
0%
Rodentia Nesomyidae Hypogeomys Malagasy giant rat 1
0%
Chiroptera Pteropodidae Hypsignathus Hammer-headed bat 1
0%
Chiroptera Vespertilionidae Idionycteris Allen's big-eared bat 1
0%
Rodentia Sciuridae Iomys Flying squirrels 2
0%
Rodentia Cricetidae Irenomys Chilean climbing mouse 1
0%
Rodentia Echimyidae Isothrix Brush-tailed rats 5
0%
Rodentia Cricetidae Isthmomys Isthmus rats 2
0%
Rodentia Dipodidae Jaculus Desert jerboas 5
0%
Rodentia Cricetidae Juliomys Lesser Wilfred's mouse etc. 4
0%
Rodentia Cricetidae Juscelinomys Burrowing mice 2
0%
Rodentia Muridae Kadarsanomys Sody's tree rat 1
0%
Rodentia Echimyidae Kannabateomys Atlantic bamboo rat 1
0%
Chiroptera Vespertilionidae Kerivoula Woolly bats, trumpet-eared bats 28
0%
Rodentia Muridae Komodomys Komodo rat 1
0%
Chiroptera Vespertilionidae Laephotis African long-eared bats 10
0%
Artiodactyla Delphinidae Lagenodelphis Fraser's dolphin 1
0%
Rodentia Chinchillidae Lagidium Mountain visachas 4
0%
Diprotodontia Macropodidae Lagorchestes Hare-wallabies 2
0%
Rodentia Muridae Lamottemys Mount Oku rat 1
0%
Chiroptera Phyllostomidae Lampronycteris Yellow-throated big-eared bat 1
0%
Rodentia Sciuridae Lariscus Striped ground squirrels 4
0%
Chiroptera Vespertilionidae Lasionycteris Silver-haired bat 1
0%
Rodentia Cricetidae Lasiopodomys Brandt's vole, Mandarin vole 2
0%
Diprotodontia Vombatidae Lasiorhinys Hairy-nosed wombats 2
0%
Chiroptera Pteropodidae Latidens Salim Ali's fruit bat 1
0%
Chiroptera Megadermatidae Lavia Yellow-winged bat 1
0%
Rodentia Muridae Leggadina Forrest's mouse, Lakeland Downs mouse 2
0%
Rodentia Muridae Leimacomys Togo mouse 1
0%
Rodentia Muridae Lemniscomys Striped grass mice 11
0%
Rodentia Muridae Lenomys Trefoil-toothed giant rat 1
0%
Rodentia Muridae Lenothrix Gray tree rat 1
0%
Rodentia Cricetidae Lenoxus Andean rat 1
0%
Rodentia Muridae Leopoldamys Long-tailed giant rats 7
0%
Rodentia Muridae Leptomys Water rats 5
0%
Chiroptera Phyllostomidae Leptonycteris Saussure's long-nosed bats 3
0%
Chiroptera Phyllostomidae Lichonycteris Little long-tongued bats 2
0%
Rodentia Muridae Limnomys Mountain rats 2
0%
Chiroptera Phyllostomidae Lionycteris Chestnut long-tongued bat 1
0%
Chiroptera Phyllostomidae Lonchophylla Long-tongued bats, nectar bats 15
0%
Chiroptera Phyllostomidae Lonchorhina Sword-nosed bats 6
0%
Chiroptera Phyllostomidae Lophostoma Round-eared bats 8
0%
Rodentia Muridae Lophuromys Brush-furred mice 33
0%
Rodentia Muridae Lorentzimys New Guinean jumping mouse 1
0%
Rodentia Cricetidae Loxodontomys Pericotes 2
0%
Rodentia Cricetidae Lundomys Lund's amphibious rat 1
0%
Chiroptera Pteropodidae Macroglossus Long-tongued fruit bats 2
0%
Chiroptera Phyllostomidae Macrophyllum Long-legged bat 1
0%
Rodentia Nesomyidae Macrotarsomys Big-footed mice 3
0%
Chiroptera Phyllostomidae Macrotus Leaf-nosed bats 2
0%
Rodentia Muridae Macruromys Small-toothed rats 2
0%
Rodentia Muridae Madromys Blanford's rat 1
0%
Rodentia Echimyidae Makalata Spiny tree-rats etc. 4
0%
Rodentia Muridae Malacomys Swamp rats 3
0%
Rodentia Nesomyidae Malacothrix Gerbil mouse 1
0%
Rodentia Muridae Mallomys Woolly rats 4
0%
Rodentia Muridae Mammelomys Mosaic-tailed rats 2
0%
Rodentia Muridae Margaretamys Margareta rats 4
0%
Rodentia Muridae Mastacomys Broad-toothed mouse 1
0%
Rodentia Nesomyidae Megadendromus Nikolaus's mouse 1
0%
Rodentia Cricetidae Megadontomys Giant deer mice 3
0%
Chiroptera Pteropodidae Megaerops Tailless fruit bats etc. 4
0%
Chiroptera Pteropodidae Megaloglossus Woermann's fruit bats 2
0%
Rodentia Cricetidae Melanomys Dark rice rats 3
0%
Rodentia Muridae Melasmothrix Sulawesian shrew rat 1
0%
Chiroptera Pteropodidae Melonycteris Fruit bats 3
0%
Rodentia Sciuridae Menetes Berdmore's ground squirrel 1
0%
Rodentia Muridae Meriones Jirds 17
0%
Eulipotyphla Erinaceidae Mesechinus Various hedgehogs 4
0%
Rodentia Muridae Mesembriomys Tree rats 2
0%
Rodentia Echimyidae Mesocapromys Hutias 5
0%
Rodentia Echimyidae Mesomys Spiny tree-rats 4
0%
Chiroptera Phyllostomidae Mesophylla MacConnell's bat 1
0%
Didelphimorphia Didelphidae Metachirus Brown four-eyed opossum 1
0%
Rodentia Cricetidae Microakodontomys Transitional colilargo 1
0%
Rodentia Muridae Microdillus Somali pygmy gerbil 1
0%
Chiroptera Pteropodidae Micropteropus Dwarf epauletted fruit bats 2
0%
Rodentia Cricetidae Mictomicrotus Liangshan vole 1
0%
Rodentia Muridae Millardia Soft-furred rats 4
0%
Chiroptera Vespertilionidae Mimetillus Mimic bats 2
0%
Chiroptera Phyllostomidae Mimon Golden bats, hairy-nosed bats 4
0%
Rodentia Cricetidae Mindomys Hammond's rice rat, Kutukú rat 2
0%
Chiroptera Vespertilionidae Mirostrellus Joffre's bat 1
0%
Chiroptera Molossidae Molossops Dog-faced bats 2
0%
Chiroptera Phyllostomidae Monophyllus Single leaf bats 2
0%
Rodentia Muridae Montemys Delectable soft-furred mouse 1
0%
Chiroptera Molossidae Mormopterus Free-tailed bats 11
0%
Chiroptera Emballonuridae Mosia Dark sheath-tailed bat 1
0%
Carnivora Eupleridae Mungotictis Narrow-striped mongoose 1
0%
Dasyuromorphia Dasyuridae Murexia Dasyures 5
0%
Chiroptera Vespertilionidae Murina Tube-nosed bats 41
0%
Chiroptera Phyllostomidae Musonycteris Banana bat 1
0%
Rodentia Muridae Musseromys Tree mice 4
0%
Rodentia Gliridae Myomimus Mouse-tailed dormice 3
0%
Rodentia Muridae Myomiscus Verreaux's mouse 1
0%
Chiroptera Pteropodidae Myonycteris Collared fruit bats 3
0%
Chiroptera Molossidae Myopterus African free-tailed bats 2
0%
Rodentia Cricetidae Myopus Wood lemming 1
0%
Rodentia Sciuridae Myosciurus African pygmy squirrel 1
0%
Eulipotyphla Soricidae Myosorex Mouse shrews 19
0%
Rodentia Spalacidae Myospalax Zokors 3
0%
Rodentia Muridae Myotomys Vlei rats 2
0%
Rodentia Echimyidae Mysateles Prehensile-tailed hutia 1
0%
Rodentia Nesomyidae Mystromys White-tailed rat 1
0%
Chiroptera Pteropodidae Nanonycteris Veldkamp's dwarf epauletted fruit bat 1
0%
Rodentia Cricetidae Neacomys Bristly mice 19
0%
Afrosoricida Chrysochloridae Neamblysomus Golden moles 2
0%
Rodentia Cricetidae Necromys Bolo mice 10
0%
Eulipotyphla Soricidae Nectogale Elegant water shrew 1
0%
Rodentia Cricetidae Nectomys Water rats 5
0%
Rodentia Cricetidae Nelsonia Diminutive woodrats 2
0%
Rodentia Cricetidae Neodon Mountain voles 16
0%
Eulipotyphla Erinaceidae Neohylomys Hainan gymnure 1
0%
Rodentia Cricetidae Neomicroxus Grass mice 2
0%
Chiroptera Phyllostomidae Neonycteris Least big-eared bat 1
0%
Chiroptera Molossidae Neoplatymops Mato Grosso dog-faced bat 1
0%
Chiroptera Pteropodidae Neopteryx Small-toothed fruit bat 1
0%
Chiroptera Vespertilionidae Neoromicia Serotines 7
0%
Eulipotyphla Erinaceidae Neotetracus Shrew gymnure 1
0%
Rodentia Cricetidae Neotomodon Mexican volcano mouse 1
0%
Rodentia Cricetidae Neotomys Andean swamp rat 1
0%
Rodentia Cricetidae Nephelomys Rice rats 14
0%
Rodentia Muridae Nesoromys Ceram rat 1
0%
Rodentia Cricetidae Nesoryzomys Galápagos mice 3
0%
Eulipotyphla Talpidae Neurotrichus American shrew mole 1
0%
Rodentia Cricetidae Neusticomys Fish-eating rats 7
0%
Rodentia Muridae Niviventer White-bellied rats 18
0%
Rodentia Cricetidae Nothocricetulus Grey dwarf hamster 1
0%
Rodentia Cricetidae Notiomys Edwards's long-clawed mouse 1
0%
Rodentia Muridae Notomys Hopping mice 5
0%
Chiroptera Pteropodidae Notopteris Blossom bats 2
0%
Chiroptera Vespertilionidae Nyctalus Noctule bats 8
0%
Chiroptera Vespertilionidae Nycticeinops Serotines 7
0%
Chiroptera Vespertilionidae Nycticeius Evening bats etc. 3
0%
Chiroptera Natalidae Nyctiellus Gervais's funnel-eared bat 1
0%
Chiroptera Pteropodidae Nyctimene Tube-nosed fruit bats 17
0%
Chiroptera Molossidae Nyctinomops Free-tailed bats 4
0%
Rodentia Cricetidae Nyctomys Sumichrast's vesper rat 1
0%
Chiroptera Vespertilionidae Nyctophilus Australian big-eared bats 15
0%
Rodentia Muridae Ochromyscus Brockman's rock mouse, Yemeni mouse 2
0%
Rodentia Cricetidae Ochrotomys Golden mouse 1
0%
Rodentia Cricetidae Oecomys Arboreal rice rats 16
0%
Rodentia Muridae Oenomys Rufous-nosed rats 3
0%
Rodentia Echimyidae Olallamys Olalla rats 2
0%
Rodentia Cricetidae Oligoryzomys Pygmy rice rats 17
0%
Rodentia Cricetidae Onychomys Grasshopper mice 3
0%
Rodentia Cricetidae Oreoryzomys Peruvian rice rat 1
0%
Eulipotyphla Talpidae Oreoscaptor Japanese mountain mole 1
0%
Rodentia Geomyidae Orthogeomys Giant pocket gopher 1
0%
Afrosoricida Tenrecidae Oryzorictes Rice tenrecs 2
0%
Rodentia Cricetidae Osgoodomys Michoacan deer mouse 1
0%
Primates Galagidae Otolemur Greater galagos 3
0%
Chiroptera Molossidae Otomops Mastiff bats 8
0%
Rodentia Muridae Otomys Vlei rats 26
0%
Rodentia Cricetidae Otonyctomys Hatt's vesper rat 1
0%
Chiroptera Pteropodidae Otopteropus Luzon fruit bat 1
0%
Rodentia Cricetidae Ototylomys Big-eared climbing rat 1
0%
Rodentia Cricetidae Oxymycterus Hocicudos 18
0%
Rodentia Muridae Pachyuromys Fat-tailed gerbil 1
0%
Carnivora Viverridae Paguma Masked palm civet 1
0%
Rodentia Muridae Palawanomys Palawan soft-furred mountain rat 1
0%
Rodentia Muridae Papagomys Flores giant rat 1
0%
Rodentia Geomyidae Pappogeomys Buller's pocket gopher 1
0%
Eulipotyphla Soricidae Paracrocidura Large-headed shrews 3
0%
Carnivora Herpestidae Paracynictis Selous's mongoose 1
0%
Rodentia Dipodidae Paradipus Comb-toed jerboa 1
0%
Eulipotyphla Erinaceidae Paraechinus Various hedgehogs 4
0%
Rodentia Muridae Paraleptomys Water rats 2
0%
Rodentia Muridae Paramelomys Mosaic-tailed rats 9
0%
Chiroptera Pteropodidae Paranyctimene Tube-nosed fruit bats 2
0%
Eulipotyphla Talpidae Parascalops Hairy-tailed mole 1
0%
Chiroptera Vespertilionidae Parastrellus Canyon bat 1
0%
Chiroptera Rhinonycteridae Paratriaenops Trident bats 3
0%
Rodentia Muridae Parotomys Whistling rats 2
0%
Rodentia Muridae Paruromys Sulawesi giant rat 1
0%
Rodentia Echimyidae Pattonomys Bare-tailed armoured tree-rat, speckled spiny tree-rat 2
0%
Rodentia Muridae Paulamys Flores long-nosed rat 1
0%
Rodentia Ctenodactylidae Pectinator Speke's gundi 1
0%
Rodentia Caviidae Pediolagus Chacoan mara 1
0%
Rodentia Muridae Pelomys Groove-toothed swamp rats 5
0%
Lagomorpha Leporidae Pentalagus Amami rabbit 1
0%
Chiroptera Pteropodidae Penthetor Dusky fruit bat 1
0%
Chiroptera Vespertilionidae Perimyotis Tricoloured bat 1
0%
Rodentia Heteromyidae Perognathus Pocket mice 9
0%
Chiroptera Emballonuridae Peropteryx Dog-like bats 5
0%
Rodentia Sciuridae Petaurillus Pygmy flying squirrels 3
0%
Rodentia Sciuridae Petinomys Dwarf flying squirrels 9
0%
Rodentia Nesomyidae Petromyscus Rock mice 4
0%
Diprotodontia Pseudocheiridae Petropseudes Rock-haunting ringtail possum 1
0%
Rodentia Cricetidae Phaenomys Rio de Janeiro arboreal rat 1
0%
Chiroptera Vespertilionidae Pharotis New Guinea big-eared bat 1
0%
Dasyuromorphia Dasyuridae Phascolosorex Marsupial shrews 2
0%
Rodentia Cricetidae Phenacomys Heather voles 2
0%
Chiroptera Vespertilionidae Philetor Rohu's bat 1
0%
Rodentia Muridae Phloeomys Slender-tailed cloud rats 2
0%
Chiroptera Vespertilionidae Phoniscus Trumpet-eared bats etc. 4
0%
Chiroptera Phyllostomidae Phylloderma Pale-faced bat 1
0%
Rodentia Echimyidae Phyllomys Atlantic tree-rats 13
0%
Chiroptera Phyllostomidae Phyllonycteris Flower bats 2
0%
Chiroptera Phyllostomidae Phyllops Cuban fig-eating bat 1
0%
Rodentia Cricetidae Phyllotis Leaf-eared mice 19
0%
Chiroptera Pteropodidae Pilonycteris Sulawesi rousette 1
0%
Rodentia Octodontidae Pipanacoctomys Golden viscacha rat 1
0%
Rodentia Echimyidae Plagiodontia Hispaniolan hutia 1
0%
Chiroptera Phyllostomidae Platalina Long-snouted bat 1
0%
Chiroptera Molossidae Platymops Peters's flat-headed bat 1
0%
Chiroptera Phyllostomidae Platyrrhinus Broad-nosed bats 21
0%
Chiroptera Vespertilionidae Plecotus Long-eared bats 17
0%
Primates Pitheciidae Plecturocebus Titi monkeys 25
0%
Chiroptera Pteropodidae Plerotes D'Anchieta's fruit bat 1
0%
Eulipotyphla Erinaceidae Podogymnura Gymnures 4
0%
Rodentia Cricetidae Podomys Florida mouse 1
0%
Rodentia Cricetidae Podoxymys Roraima mouse 1
0%
Rodentia Muridae Pogonomelomys Brush mice 3
0%
Rodentia Muridae Pogonomys Tree mice 6
0%
Rodentia Sciuridae Poliocitellus Franklin's ground squirrel 1
0%
Rodentia Muridae Praomys Soft-furred mice 14
0%
Primates Cercopithecidae Presbytis Surilis 19
0%
Rodentia Nesomyidae Prionomys Dollman's tree mouse 1
0%
Rodentia Echimyidae Proechimys Spiny rats 25
0%
Rodentia Cricetidae Proedromys Duke of Bedford's vole 1
0%
Chiroptera Molossidae Promops Mastiff bats 3
0%
Rodentia Sciuridae Prosciurillus Dwarf squirrels 7
0%
Rodentia Muridae Protochromys Red-bellied mosaic-tailed rat 1
0%
Rodentia Sciuridae Protoxerus African giant squirrels 2
0%
Rodentia Muridae Psammomys Sand rats 2
0%
Rodentia Muridae Pseudomys Various mice 22
0%
Chiroptera Vespertilionidae Pseudoromicia Serotines 8
0%
Chiroptera Pteropodidae Ptenochirus Musky fruit bats 2
0%
Chiroptera Pteropodidae Pteralopex Monkey-faced bats 5
0%
Chiroptera Mormoopidae Pteronotus Naked-backed bats, moustached bats 8
0%
Primates Cercopithecidae Pygathrix Doucs 3
0%
Rodentia Dipodidae Pygeretmus Fat-tailed jerboas 3
0%
Chiroptera Phyllostomidae Pygoderma Ipanema bat 1
0%
Rodentia Cricetidae Reithrodon Conyrats 2
0%
Rodentia Cricetidae Reithrodontomys New World harvest mice 22
0%
Rodentia Muridae Rhabdomys Four-striped grass mice 2
0%
Rodentia Cricetidae Rhagomys Arboreal mice 2
0%
Rodentia Sciuridae Rheithrosciurus Tufted ground squirrel 1
0%
Rodentia Cricetidae Rheomys Water mice 4
0%
Chiroptera Phyllostomidae Rhinophylla Little fruit bats 3
0%
Rodentia Sciuridae Rhinosciurus Shrew-faced squirrel 1
0%
Rodentia Cricetidae Rhipidomys Climbing mice 24
0%
Chiroptera Vespertilionidae Rhogeessa Yellow bats 13
0%
Rodentia Muridae Rhombomys Great gerbil 1
0%
Peramelemorphia Peramelidae Rhynchomeles Seram bandicoot 1
0%
Rodentia Muridae Rhynchomys Shrewlike rats 6
0%
Chiroptera Emballonuridae Rhynchonycteris Proboscis bat 1
0%
Chiroptera Vespertilionidae Rhyneptesicus Sind bat 1
0%
Rodentia Sciuridae Rubrisciurus Red-bellied squirrel 1
0%
Chiroptera Emballonuridae Saccolaimus Pouched bats 4
0%
Chiroptera Emballonuridae Saccopteryx Sac-winged bats 5
0%
Rodentia Nesomyidae Saccostomus Pouched mice 2
0%
Chiroptera Molossidae Sauromys Roberts's flat-headed bat 1
0%
Rodentia Muridae Saxatilomys paulinae 1
0%
Eulipotyphla Talpidae Scapanulus Gansu mole 1
0%
Eulipotyphla Talpidae Scapanus Various moles 5
0%
Rodentia Cricetidae Scapteromys Swamp rats 3
0%
Eulipotyphla Talpidae Scaptochirus Short-faced mole 1
0%
Eulipotyphla Talpidae Scaptonyx Long-tailed mole 1
0%
Rodentia Dipodidae Scarturus Various jerboas 5
0%
Rodentia Sciuridae Sciurillus Neotropical pygmy squirrel 1
0%
Primates Galagidae Sciurocheirus Squirrel galagos 3
0%
Chiroptera Phyllostomidae Scleronycteris Ega long-tongued bat 1
0%
Rodentia Cricetidae Scolomys Spiny mice 2
0%
Chiroptera Vespertilionidae Scoteanax Rüppell's broad-nosed bat 1
0%
Rodentia Cricetidae Scotinomys Brown mice 2
0%
Chiroptera Vespertilionidae Scotoecus Lesser house bats 5
0%
Chiroptera Vespertilionidae Scotomanes Harlequin bat 1
0%
Chiroptera Pteropodidae Scotonycteris Zenker's fruit bat 1
0%
Chiroptera Vespertilionidae Scotophilus Yellow bats 21
0%
Chiroptera Vespertilionidae Scotorepens Broad-nosed bats 4
0%
Chiroptera Vespertilionidae Scotozous Dormer's bat 1
0%
Rodentia Muridae Sekeetamys Bushy-tailed jird 1
0%
Rodentia Cricetidae Sigmodontomys Rice water rats 2
0%
Eulipotyphla Soricidae Solisorex Pearson's long-clawed shrew 1
0%
Rodentia Muridae Solomys Naked-tailed rats 4
0%
Rodentia Muridae Sommeromys Sommer's Sulawesi rat 1
0%
Rodentia Cricetidae Sooretamys Rat-headed rice rat 1
0%
Rodentia Muridae Soricomys Shrew-mice 4
0%
Eulipotyphla Soricidae Soriculus Himalayan shrew 1
0%
Chiroptera Pteropodidae Sphaerias Blanford's fruit bat 1
0%
Chiroptera Phyllostomidae Sphaeronycteris Visored bat 1
0%
Rodentia Muridae Srilankamys Ohiya rat 1
0%
Rodentia Nesomyidae Steatomys Fat mice 8
0%
Artiodactyla Delphinidae Stenella Spotted dolphins, spinner dolphins etc. 5
0%
Artiodactyla Delphinidae Steno Rough-toothed dolphin 1
0%
Rodentia Muridae Stenocephalemys Narrow-headed rats etc. 6
0%
Rodentia Cricetidae Stenocranius Narrow-headed vole, Radde's vole 2
0%
Chiroptera Phyllostomidae Stenoderma Red fruit bat 1
0%
Chiroptera Pteropodidae Stenonycteris Long-haired fruit bat 1
0%
Rodentia Muridae Stochomys Target rat 1
0%
Chiroptera Phyllostomidae Sturnira Yellow-shouldered bats 24
0%
Chiroptera Pteropodidae Styloctenium Stripe-faced fruit bats 2
0%
Rodentia Dipodidae Stylodipus Three-toed jerboas 3
0%
Rodentia Muridae Sundamys Giant Sunda rats etc. 4
0%
Rodentia Sciuridae Sundasciurus Various squirrels 20
0%
Eulipotyphla Soricidae Surdisorex African mole shrews 3
0%
Chiroptera Vespertilionidae Sybmyotodon Broad-muzzled bats 3
0%
Chiroptera Pteropodidae Syconycteris Blossom bats 3
0%
Rodentia Cricetidae Synaptomys Bog lemmings 2
0%
Rodentia Sciuridae Syntheosciurus Bangs's mountain squirrel 1
0%
Rodentia Spalacidae Tachyoryctes African mole-rats 13
0%
Rodentia Muridae Taeromys Various rats 7
0%
Rodentia Cricetidae Tanyuromys Rice water rats 2
0%
Rodentia Cricetidae Tapecomys Primordial tapecua 1
0%
Chiroptera Emballonuridae Taphozous Tomb bats 14
0%
Rodentia Muridae Tarsomys Long-footed rats 2
0%
Rodentia Muridae Tateomys Shrew rats 2
0%
Rodentia Muridae Tatera Indian gerbil 1
0%
Rodentia Muridae Taterillus Various gerbils 9
0%
Chiroptera Vespertilionidae Thainycteris Sprites 2
0%
Rodentia Muridae Thallomys Acacia rats etc. 4
0%
Rodentia Cricetidae Thalpomys Cerrado mice 2
0%
Rodentia Muridae Thamnomys Thicket rats 3
0%
Rodentia Cricetidae Thaptomys Blackish grass mouse 1
0%
Rodentia Cricetidae Thomasomys Oldfield mice 40
0%
Chiroptera Pteropodidae Thoopterus Fruit bats 2
0%
Rodentia Echimyidae Thrichomys Punarés 5
0%
Didelphimorphia Didelphidae Thylamys Fat-tailed mouse opossums 12
0%
Chiroptera Molossidae Tomopeas Blunt-eared bat 1
0%
Chiroptera Phyllostomidae Tonatia Round-eared bats 2
0%
Rodentia Echimyidae Toromys Giant tree-rat 1
0%
Chiroptera Phyllostomidae Trachops Fringe-lipped bat 1
0%
Chiroptera Rhinonycteridae Triaenops Trident bats 4
0%
Diprotodontia Phalangeridae Trichosurus Bushtail possums 5
0%
Rodentia Echimyidae Trinomys Atlantic spiny rats 11
0%
Chiroptera Phyllostomidae Trinycteris Niceforo's big-eared bat 1
0%
Rodentia Muridae Tryphomys Luzon short-nosed rat 1
0%
Rodentia Cricetidae Tscherskia Greater long-tailed hamster 1
0%
Rodentia Cricetidae Tylomys Climbing rats 7
0%
Chiroptera Vespertilionidae Tylonycteris Bamboo bats 6
0%
Rodentia Octodontidae Tympanoctomys Viscacha rats 3
0%
Rodentia Platacanthomyidae Typhlomys Chinese pygmy dormouse 1
0%
Rodentia Muridae Uranomys Rudd's mouse 1
0%
Chiroptera Phyllostomidae Uroderma Tent-making bats 3
0%
Eulipotyphla Talpidae Urotrichus Japanese shrew mole 1
0%
Chiroptera Phyllostomidae Vampyriscus Yellow-eared bats 3
0%
Chiroptera Phyllostomidae Vampyrodes Grey stripe-faced bat 1
0%
Rodentia Muridae Vandeleuria Long-tailed climbing mice 3
0%
Chiroptera Vespertilionidae Vansonia Rüppell's bat 1
0%
Rodentia Muridae Vernaya Red climbing mouse 1
0%
Chiroptera Vespertilionidae Vespadelus Cave bats, forest bats 9
0%
Rodentia Muridae Waiomys Sulawesi water rat 1
0%
Rodentia Muridae Xeromys False water rat 1
0%
Chiroptera Phyllostomidae Xeronycteris Vieira's long-tongued bat 1
0%
Rodentia Sciuridae Xerospermophilus Pygmy ground squirrels 4
0%
Rodentia Muridae Zelotomys Broad-headed mice 2
0%
Rodentia Cricetidae Zygodontomys Cane mice 2
0%
No matching quizzes found
Score Distribution
Percent of People with Each Score
Percentile by Number Answered
Your Score History
You have not taken this quiz